000 00898nam a2200253Ia 4500
003 OSt
005 20221005112124.0
006 a|||||r|||| 00| 0
007 ta
008 221004b |||||||| |||| 00| 0 pan d
020 _c100
024 _a95951
037 _b214, 31/12/2008, H.K. Prakashan
_cTextual
040 _aCRL
_cCRL
_bpan
041 _2pan
_apan
082 _aO153,3M97:g, P3
100 _aਚੰਦਨਪ੍ਰੀਤ ਸਿੰਘ
245 0 _aਨਾਨਕ ਸਿੰਘ ਦੇ ਇਤਿਹਾਸਕ ਨਾਵਲ
260 _aਅਮ੍ਰਿਤਸਰ
_bਨਾਨਕ ਸਿੰਘ ਪੁਸਤਕ ਮਾਲਾ ਭਾਰਤ
_c2003
300 _a112ਪੰ
_ccm.
650 _aਪੰਜਾਬੀ ਸਾਹਿਤ
942 _hO153,3M97:g, P3
_cTEXL
_2cc
999 _c1023883
_d1023883